000 00643nam a22002057a 4500
999 _c9761
_d9761
003 AR-CdUCM
008 190328b ||||| |||| 00| 0 spa d
020 _a978-84-9825-015-2
040 _aMUNICIPALIDAD PROVINCIAL DEL CUSCO
_cBIBLIOTECA MUNICIPAL DEL CUSCO
041 _hspa
082 _26ed.
_aES / 803.08
_b V65
245 _aMis cuentos preferidos de Hans Christian Andersen /
260 _aBarcelona :
_bCombel,
_c2015.
300 _a22 páginas ;
_bIlustraciones
_c25 cm.
650 _aLiteratura infantil
_9588
650 _aSiglo XXI
_92856
700 _aLicitra, Jimena (traductora)
_926191
942 _2ddc
_cLIBROS
945 _aafb